বাংলাদেশের শাসনব্যবস্থা ও রাজনীতি / (Record no. 38885)
[ view plain ]
| 000 -LEADER | |
|---|---|
| fixed length control field | 00924nam a2200241 a 4500 |
| 001 - CONTROL NUMBER | |
| control field | 38885 |
| 003 - CONTROL NUMBER IDENTIFIER | |
| rucl marc code | BD-RjUL |
| 005 - DATE AND TIME OF LATEST TRANSACTION | |
| control field | 20211209052858.0 |
| 008 - FIXED-LENGTH DATA ELEMENTS--GENERAL INFORMATION | |
| fixed length control field | 160320s2013 bg ||||e |||| 000 0 ben d |
| 020 ## - INTERNATIONAL STANDARD BOOK NUMBER | |
| International Standard Book Number | 9847010500066 |
| Terms of availability | : Tk.300.00 |
| 035 ## - SYSTEM CONTROL NUMBER | |
| System control number | (BD-RjUL)38995 |
| 040 ## - CATALOGING SOURCE | |
| Original cataloging agency | BD-RjUL |
| Language of cataloging | ben |
| Transcribing agency | BD-RjUL |
| Modifying agency | BD-RjUL |
| 041 ## - LANGUAGE CODE | |
| Language code of text/sound track or separate title | ben |
| 082 ## - DEWEY DECIMAL CLASSIFICATION NUMBER | |
| Edition number | 23 |
| Classification number | 320.95492 |
| Author mark and year | HUB 2013 |
| 100 ## - MAIN ENTRY--PERSONAL NAME | |
| Personal name | হক, আবুল ফজল |
| 9 (RLIN) | 118217 |
| 245 10 - TITLE STATEMENT | |
| Title | বাংলাদেশের শাসনব্যবস্থা ও রাজনীতি / |
| Statement of responsibility, etc. | আবুল ফজল হক |
| 250 ## - EDITION STATEMENT | |
| Edition statement | ৩য় পরিমার্জিত সং. |
| 260 ## - PUBLICATION, DISTRIBUTION, ETC. (IMPRINT) | |
| Place of publication, distribution, etc. | ঢাকা : |
| Name of publisher, distributor, etc. | অনন্যা, |
| Date of publication, distribution, etc. | ২০১৩ |
| 300 ## - PHYSICAL DESCRIPTION | |
| Pagination | ৪৪০ পৃ. ; |
| Size | ২২ সেমি. |
| 650 ## - SUBJECT ADDED ENTRY--TOPICAL TERM | |
| Topical term or geographic name as entry element | রাজনীতি ও সরকার |
| Geographic subdivision | বাংলাদেশ |
| 9 (RLIN) | 119957 |
| Topical term or geographic name as entry element | Politics and government |
| Geographic subdivision | Bangladesh |
| 9 (RLIN) | 119958 |
| 942 ## - ADDED ENTRY ELEMENTS (KOHA) | |
| Source of classification or shelving scheme | Dewey Decimal Classification |
| Koha item type | Books |
| Lost status | Source of classification or shelving scheme | Damaged status | Not for loan | Collection code | Permanent Location | Current Location | Shelving location | Date acquired | Source of acquisition | Cost, normal purchase price | Total Checkouts | Full call number | Date last seen | Copy number | Koha item type | Total Renewals | Date checked out |
|---|---|---|---|---|---|---|---|---|---|---|---|---|---|---|---|---|---|
| Dewey Decimal Classification | Not For Loan | Non-fiction | Central Library, University of Rajshahi | Central Library, University of Rajshahi | Reading Room | 12/12/2015 | Biddasagor, Rajshahi | 300.00 | B 320.95492 HUB 2013 | 20/03/2016 | C-1 | Books | |||||
| Dewey Decimal Classification | Non-fiction | Central Library, University of Rajshahi | Central Library, University of Rajshahi | 12/12/2015 | Biddasagor, Rajshahi | 300.00 | 32 | B 320.95492 HUB 2013 | 09/10/2024 | C-2 | Books | 24/09/2024 |